000 00387nam a2200157 a 4500
005 20140412111325.0
008 110407s19uu xx 00 eng d
020 _a0-307-12939-x
050 _aER
_bBa23 1996
100 _aPackard , Mary
245 _aBest friends /
_cMary Packard.
260 _aU.S.A :
_bGolden,
_c1996.
300 _aunp.
440 _aDear barbie
999 _c104599
_d104599